01129cam a2200265 4500001001300000003000400013005001700017008004100034010001700075040007400092043001200166050001400178082001600192245013900208260014800347300003000495350000900525500001600534500009300550650006500643650006600708650004100774700003100815999001700846hew68000109 DLC20260227111517.0700826s1967 dcua 000 0 eng c ahew68000109  aU.S. Dept. of Health, Education, and Welfare. Library L112cDLCdDLC an-us---00aL112b.S800a371.1/0097300aStaffing for better schools under title I, Elementary and secondary education act of 1965.c[Prepared by Malcolm M. Provus and others. aWashington]bU.S. Dept. of Health, Education, and Welfare, Office of Education; [for sale by the Supt. of Docs., U.S. Govt. Print. Off.,c1967] avi, 40 p.billus.c24 cm. a0.30 a"OE-23049." aPrepared pursuant to contract number OE C1-7000103-0103 of the U.S. Office of Education. 0aChildren with social disabilitiesxEducationzUnited States. 0aTeachers of children with social disabilitieszUnited States. 0aTeachers' assistantszUnited States.1 aProvus, Malcolm M.,d1928- c34799d34799